000 00344nam a2200133Ia 4500
008 240624s9999 xx 000 0 und d
041 _aeng
082 _a823 SIN
100 _aSINHA PRAMATH RAJ
245 _aIDEA WHOSE TIME HAS COME THE STORY OF IN
260 _c2011
_aNew Delhi
_bPenguin Books India
300 _a245 : p.
365 _cRS
_b25
999 _c19018
_d19018